000 00640nam a2200241Ia 4500
003 OSt
005 20220918163216.0
006 a|||||r|||| 00| 0
007 ta
008 220917b |||||||| |||| 00| 0 eng d
020 _a0 304 29608 2
024 _a30,605
037 _cTextual
040 _aARTS
_cARTS
_beng
041 _2eng
_aeng
082 _aO111,4M84x, L5.1
100 _aO'Casey Sean
_912014
245 0 _aLetters by David Krause 1910-41
260 _aLondon
_bCassell UK
_c1975
650 _aENGLISH LITERATURE
942 _hO111,4M84x, L5.1
_cTEXL
_2CC
999 _c118461
_d118461